Statistics for Top 15 Countries with Covid-19 Cases - 1 August

Click here to take the quiz!

General Stats

  • This quiz has been taken 20 times
  • The average score is 16 of 25

Answer Stats

country% Correct
United States
100%
Brazil
95%
Mexico
95%
Russia
95%
India
90%
Italy
90%
Spain
90%
United Kingdom
85%
Chile
80%
Chile
80%
Peru
80%
Iran
75%
Colombia
70%
Pakistan
55%
South Africa
50%
Sweden
50%
Saudi Arabia
45%
Panama
40%
Qatar
40%
Bahrain
35%
Kuwait
35%
Oman
35%
Singapore
35%
Armenia
15%
Israel
10%

Score Distribution

Percentile by Number Answered

Percent of People with Each Score

Your Score History

You have not taken this quiz